El Teu aire / Núria Castells, Maria Garcia i Flora Portas ; coordinació: Imma Pruna Imma Pruna
Descripción Física:
71 p. : il. ; 21 cm
Materias:
Aire
MARC
| LEADER | 00000nam a2200000Ia 4500 | ||
|---|---|---|---|
| 001 | 10790 | ||
| 008 | 160829s1995 xx 000 0 cat d | ||
| 080 | |a C-1-333 | ||
| 100 | |a Castells, Núria |9 21035 |e autor | ||
| 245 | |a El Teu aire / Núria Castells, Maria Garcia i Flora Portas ; coordinació: |b Imma Pruna | ||
| 260 | |a Barcelona : |b Diputació de Barcelona, Servei del Medi Ambient, |c 1995 | ||
| 300 | |a 71 p. : |b il. ; |c 21 cm | ||
| 590 | |a A la contracoberta, Centre d' Estudis del Mar | ||
| 650 | |a Aire |9 21036 | ||
| 700 | |a García, Maria |9 38206 |e autor | ||
| 700 | |a Portas, Flora |9 23911 |e autor | ||
| 700 | |a Pruna González, Imma |e coordinador |9 50558 | ||
| 710 | 2 | |a Centre d'Estudis del Mar |9 52945 | |
| 710 | 1 | |a Barcelona (Catalunya : Província). |b Servei de Medi Ambient |9 53475 | |
| 901 | |a Arxiu | ||
| 942 | |n 1 |2 udc | ||
| 952 | |0 0 |1 0 |4 0 |6 C1333 |7 1 |9 41777 |a Arxiu |b Arxiu |d 2016-12-01 |l 0 |o C-1-333 |p 10790 |r 2016-12-01 00:00:00 |w 2016-12-01 |y ARXIU | ||
| 999 | |c 43667 |d 43667 | ||